Statistics for Wigan Athletic Premier League XIs

Click here to take the quiz!

General Stats

  • This quiz has been taken 53 times
  • The average score is 34 of 88

Answer Stats

PositionAnswer% Correct
GKAli Al-Habsi
67%
GKAli Al-Habsi
67%
GKAli Al-Habsi
67%
GKChris Kirkland
64%
GKChris Kirkland
64%
GKChris Kirkland
64%
GKChris Kirkland
64%
MFJames McCarthy
61%
MFJames McCarthy
61%
MFJames McCarthy
61%
MFJames McCarthy
61%
DFMaynor Figueroa
61%
DFMaynor Figueroa
61%
DFMaynor Figueroa
61%
DFMaynor Figueroa
61%
DFMaynor Figueroa
61%
MFBen Watson
58%
STEmile Heskey
58%
STEmile Heskey
58%
STEmile Heskey
58%
STHugo Rodallega
58%
STHugo Rodallega
58%
DFLeighton Baines
58%
DFLeighton Baines
58%
MFJimmy Bullard
55%
STAmr Zaki
52%
MFJames McArthur
52%
MFJames McArthur
52%
MFWilson Palacios
52%
MFAntonio Valencia
45%
MFAntonio Valencia
45%
STFranco Di Santo
45%
STFranco Di Santo
45%
MFJordi Gómez
45%
MFJordi Gómez
45%
STShaun Maloney
45%
DFAntolín Alcaraz
42%
DFAntolín Alcaraz
42%
DFEmerson Boyce
42%
DFEmmerson Boyce
42%
DFEmmerson Boyce
42%
DFEmmerson Boyce
42%
DFEmmerson Boyce
42%
MFEmmerson Boyce
42%
DFGary Caldwell
42%
DFGary Caldwell
42%
DFGary Caldwell
42%
STJason Roberts
42%
MFPaul Scharner
39%
MFPaul Scharner
39%
MFPaul Scharner
39%
MFPaul Scharner
39%
GKMike Pollitt
36%
DFArjan de Zeeuw
33%
DFArjan de Zeeuw
33%
STArouna Koné
33%
STHenri Camara
33%
MFCharles N'Zogbia
27%
MFCharles N'Zogbia
27%
MFHendry Thomas
27%
MFHendry Thomas
27%
DFTitus Bramble
27%
DFTitus Bramble
27%
DFTitus Bramble
27%
MFDenny Landzaat
24%
MFDenny Landzaat
24%
MFGary Teale
24%
DFMario Melchiot
24%
DFMario Melchiot
24%
DFMario Melchiot
24%
MFLee McCulloch
21%
MFLee McCulloch
21%
STMarcus Bent
21%
DFPascal Chimbonda
18%
DFStéphane Henchoz
18%
MFGraham Kavanagh
15%
MFKevin Kilbane
15%
MFKevin Kilbane
15%
STVictor Moses
15%
MFMichael Brown
12%
MFMohamed Diamé
12%
MFMohamed Diamé
12%
MFMohamed Diamé
12%
DFJean Beausejour
9%
MFLee Cattermole
6%
DFSteve Gohouri
6%
DFFitz Hall
3%
MFJosip Skoko
3%

Score Distribution

Percentile by Number Answered

Percent of People with Each Score

Your Score History

You have not taken this quiz